Interkulturelle Kommunikation in Südosteuropa. (Record no. 5526)

MARC details
000 -LEADER
fixed length control field 00566nam a22002177i 4500
001 - CONTROL NUMBER
control field 5792
003 - CONTROL NUMBER IDENTIFIER
control field OSt
005 - DATE AND TIME OF LATEST TRANSACTION
control field 20180914121634.0
007 - PHYSICAL DESCRIPTION FIXED FIELD--GENERAL INFORMATION
fixed length control field tu
008 - FIXED-LENGTH DATA ELEMENTS--GENERAL INFORMATION
fixed length control field 161220s1989 gw ||||| |||| ||| ||ger|d
020 ## - INTERNATIONAL STANDARD BOOK NUMBER
International Standard Book Number 3-925450-17-3
024 7# - OTHER STANDARD IDENTIFIER
Standard number or code 5792
Source of number or code RID
024 7# - OTHER STANDARD IDENTIFIER
Standard number or code 5792
Source of number or code RSN (alt)
040 ## - CATALOGING SOURCE
Transcribing agency OSt
041 ## - LANGUAGE CODE
Language code of text/sound track or separate title ger
100 1# - MAIN ENTRY--PERSONAL NAME
Personal name Ronneberger, Franz
Relator term Ed.
245 00 - TITLE STATEMENT
Title Interkulturelle Kommunikation in Südosteuropa.
Remainder of title Möglichkeiten und Probleme
260 ## - PUBLICATION, DISTRIBUTION, ETC.
Place of publication, distribution, etc. München :
Name of publisher, distributor, etc. Südosteuropa-Gesellschaft,
Date of publication, distribution, etc. 1989.
490 ## - SERIES STATEMENT
Series statement Südosteuropa aktuell
Volume/sequential designation 7
942 ## - ADDED ENTRY ELEMENTS (KOHA)
Koha item type Book
Holdings
Withdrawn status Lost status Damaged status Not for loan Home library Current library Shelving location Date acquired Inventory number Total Checkouts Barcode Date last seen Price effective from Koha item type
        WIIW WIIW Library 08/04/2004 5792   10001041 01/26/2017 01/26/2017 Book
The Vienna Instiute for International Economic Studies (wiiw)